| 000 | 00506nam a22001697a 4500 | ||
|---|---|---|---|
| 005 | 20251108164013.0 | ||
| 008 | 250721s1997 xx 000 0 ara d | ||
| 082 | 1 | 4 | _a398.91/كيل |
| 100 | 1 | _aالكيلاني، حيدر زيد | |
| 245 | 1 | 0 |
_aمضرب الأمثال : _bخمسمائة مثل من التراث الأردني / |
| 264 | 1 |
_aعمان : _bالمؤلف، _c1997. |
|
| 300 | _a215ص | ||
| 650 | 1 | 7 | _aالأمثال |
| 650 | 1 | 7 | _aتاريخ الأردن |
| 942 |
_2ddc _cBK |
||
| 999 |
_c1198 _d1198 |
||